| 000 | 00640nam a2200205Ia 4500 | ||
|---|---|---|---|
| 003 | Ost | ||
| 005 | 20260507075135.0 | ||
| 008 | 260507s9999||||xx |||||||||||||| ||und|| | ||
| 040 | _cfsecg | ||
| 041 | _aara | ||
| 082 | _a330 | ||
| 100 | _eمؤلف | ||
| 245 | 0 | _aالنزاهة والشفافية والإدارة العربية / | |
| 250 | _aطبعة 2 | ||
| 260 |
_aالقاهرة: _bالمنظمة العربية للتنمية الإدارية, _c2006 |
||
| 300 |
_a758 صفحة؛ _bإيضاحات ؛ _c24 سم |
||
| 520 | _aالبحوث- أوراق العمل. | ||
| 653 | _aالإدارة العربية | ||
| 942 | _cكتاب | ||
| 999 |
_c43253 _d43253 |
||